| 000 | 01552nam a22004097a 4500 | ||
|---|---|---|---|
| 003 | CHAP | ||
| 005 | 20220629130357.0 | ||
| 008 | 070824s2007 mx r 00010 spa d | ||
| 010 | _a93918 | ||
| 011 | _a94890 | ||
| 035 | _a105489 | ||
| 040 | _cCHAP | ||
| 090 | _aTesis | ||
| 100 | 1 |
_aTorres de la Cruz, Juan Antonio _9114081 |
|
| 245 | 1 | 0 |
_aInfluencia del ambiente del cultivo en el contenido de proteína en trigo (Triticum aestivum) de temporal _c/por Juan Antonio Torres de la Cruz |
| 260 |
_aChapingo, Méx. : _bEl autor, _c2007 |
||
| 300 |
_a86 h. : _bgráfs. ; cuadros |
||
| 502 | _aTesis (Ing. Agroindustrial) - - UACH. Departamento de Ingeniería Agroindustrial | ||
| 530 | _aTambién disponible en línea | ||
| 590 |
_aALEPH _b10 _c20130110 _lUCH01 _h1519 |
||
| 590 |
_aBATCH-UPD _b10 _c20130110 _lUCH01 _h1413 |
||
| 590 |
_aBATCH-UPD _b10 _c20130410 _lUCH01 _h0859 |
||
| 590 |
_aBATCH-UPD _b10 _c20130914 _lUCH01 _h1601 |
||
| 590 |
_aBATCH-UPD _b10 _c20140324 _lUCH01 _h1503 |
||
| 590 |
_aBATCH-UPD _b10 _c20141002 _lUCH01 _h0834 |
||
| 590 |
_aCONVERSION _b10 _c20130109 _lUCH01 _h1352 |
||
| 650 | 1 | 4 |
_aHarina. _952679 |
| 650 | 1 | 4 |
_aPlantas _xEfecto del medio ambiente. _988821 |
| 650 | 1 | 4 |
_aTrigo _xProteínas. _9115086 |
| 650 | 1 | 4 |
_aTrigo _xRendimiento. _9115092 |
| 856 |
_3Finding aid _uhttp://10.13.5.2/tesis/105489.pdf _zTeclea aqui |
||
| 901 | _aBK | ||
| 905 | _aElisama A. H. | ||
| 942 | _cFOLL | ||
| 949 |
_aTesis _bBC _cTES _d33724002035884 _eTS2 _fc.2 _h46877 _i105489 _sb |
||
| 949 |
_aTesis _bBC _cTES _d33724002035926 _eTS1 _h46876 _i105489 _sb |
||
| 999 |
_c93918 _d93918 |
||